Statistiques concernant Vainqueurs du Grand Prix de Monaco depuis 2000

Cliquez ici pour prendre le quiz!

Statistiques générales

  • Ce quiz a été pris 223 fois
  • Le résultat moyen est 15 sur 18

Statistiques - réponses

AnnéeNationalitéPilote% Correct
2008BritanniqueLewis Hamilton
99%
2016BritanniqueLewis Hamilton
99%
2006EspagnoleFernando Alonso
98%
2007EspagnoleFernando Alonso
98%
2011AllemandeSebastian Vettel
98%
2017AllemandeSebastian Vettel
96%
2001AllemandeMichael Schumacher
95%
2005FinlandaiseKimi Räikkönen
94%
2015AllemandeNico Rosberg
90%
2014AllemandeNico Rosberg
90%
2013AllemandeNico Rosberg
90%
2009BritanniqueJenson Button
88%
2012AustralienneMark Webber
82%
2010AustralienneMark Webber
82%
2003ColombienneJuan Pablo Montoya
63%
2002BritanniqueDavid Coulthard
54%
2000BritanniqueDavid Coulthard
54%
2004ItalienneJarno Trulli
48%

Distribution des résultats

Percentile par nombre de réponses

% des personnes avec chaque résultat

Votre développement - résultats

Vous n’avez pas pris ce quiz